000
00236nam a22000977a 4500
008
160523b xxu||||| |||| 00| 0 eng d
041
_a
eng
080
_a
316.77
245
_a
20 outstanding SAT essays:
_c
College board SAT:
942
_2
udc
_c
BK
999
_c
2361
_d
2361